| 000 | 01051nam a2200301Ia 4500 | ||
|---|---|---|---|
| 001 | Para_1444 | ||
| 003 | CHAP | ||
| 008 | 220125s1999 xx 000 0 und d | ||
| 010 | _a204548 | ||
| 040 | _cCHAP | ||
| 090 | _aPA TESIS 1385 | ||
| 100 |
_aTerrazas Sánchez, María del Rocio _9112417 |
||
| 245 |
_aRespuesta de Epilachna varivestis Muls. (Coleoptera : _b Coccinellidae), a extractos acuosos de Datura stramonium y Sonanum nigrum / _c por María el Rocio Terrazas Sánchez |
||
| 260 |
_aChapingo, Méx. : _b El autor |
||
| 300 | _a43 h. | ||
| 502 | _aTesis (Ing. Agr. Esp. en Parasitología Agrícola), UACh. Depto. Parasitología | ||
| 650 |
_aControl biológico de plagas _927587 |
||
| 650 |
_aEpilachna varivestis _937226 |
||
| 650 |
_aFrijol _x plagas _943415 |
||
| 710 |
_aUACh. Departamento de Parasitología Agrícola _9115877 |
||
| 901 | _aPA TESIS 1385 | ||
| 902 | _aA | ||
| 905 | _a0000001999 n 0000000000 00 | ||
| 910 | _a1999 | ||
| 942 | _cPARA | ||
| 942 |
_cPARA _d1 |
||
| 999 |
_c204548 _d204548 |
||